00719nam a2200241 a 4500001001300000003000900013005001700022008004100039020002300080082001600103100002300119245004000142260003500182300000900217500003500226505001000261650002000271700002300291902000800314942000700322952013100329999001700460nice12345678IN_TiNIC20260116015334.0110419s2009 newa grp 000 0 eng  a9781932099850c63000a297.2bGUL2 aGulen, Fethullah M aThe Essentials of the Islamic Faith aNew Jersey, USA bLight c2009 a268p aincludes index and biblioraphy2 aIndex aIslam-Doctrines1 aGulen, Fethullah M bSRS cBK 001040708StackRoom-aHMIbHMId2011-04-19g630.00l1o297.2 GUL2p11002273r2019-10-31s2019-10-29v630.00w2011-04-19yBK c19291d19291